Komparativnij analyz rozvitku vitčiznjago ta zarubišnogo rinkiv logističnich poslug
Kľúčové vývojové trendy zahraničného a domáceho logistického trhu. Úroveň konkurencieschopnosti ukrajinského logistického trhu.
Salvato in:
| Autore principale: | |
|---|---|
| Altri autori: | |
| Natura: | Capitolo di libro |
| Lingua: | ucraino |
| Soggetti: | |
| Tags: |
Nessun Tag, puoi essere il primo ad aggiungerne!!
|
MARC
| LEADER | 00000naa a2200000 4500 | ||
|---|---|---|---|
| 001 | 0281715 | ||
| 005 | 20240502083906.5 | ||
| 041 | 0 | |a ukr | |
| 044 | |a UA | ||
| 245 | 1 | 0 | |a Komparativnij analyz rozvitku vitčiznjago ta zarubišnogo rinkiv logističnich poslug |c Mariya Kuznetsova, Halyna M. Fyliuk |
| 520 | |a Kľúčové vývojové trendy zahraničného a domáceho logistického trhu. Úroveň konkurencieschopnosti ukrajinského logistického trhu. | ||
| 610 | 2 | 0 | |a logistika |
| 610 | 2 | 0 | |a trh |
| 610 | 2 | 0 | |a analýzy |
| 610 | 2 | 0 | |a konkurencieschopnosť |
| 610 | 2 | 0 | |a Ukrajina |
| 100 | 1 | |a Kuznetsova, Mariya, 1992- | |
| 700 | 1 | |a Fyliuk, Halyna M. | |